Word Ladder: 1970s Game Show Quiz Stats

Quiz Updated Sep 5, 2016

Challenge
Share
Tweet
Embed
Score 0/13 Timer 01:30
0 Plays Today
Clue 4-Letter Answer % Correct
A body of water smaller than a lakePOND
97.1%
38th President of the USA GeraldFORD
96.9%
A shared domicile where college students liveDORM
96.9%
Footwear choice of both soldiers and cowboysBOOT
95.7%
A type of paper to be filled out before seeing a doctorFORM
95.5%
Affectionate or lovingFOND
93.9%
Ashes and dirt generally found in a chimney or fireplaceSOOT
93.6%
Very early 'paddle'-based computer gamePONG
91.3%
A deep, resonating soundBOOM
89.1%
Common vaccination formatSHOT
88.6%
To reveal something or to put on display*** SHOW ***
87.9%
Frodo was tasked with bringing the ring to this MountainDOOM
87.2%
A large percussion instrument, which is struck with a stick, of Asian origin*** GONG ***
85.6%

Today's Daily Dose

You're not logged in!

Compare scores with friends on all Sporcle quizzes.
Join for Free
OR
Log In

You Might Also Like...

Show Comments

Extras

Top Quizzes Today


Score Distribution

Your Account Isn't Verified!

In order to create a playlist on Sporcle, you need to verify the email address you used during registration. Go to your Sporcle Settings to finish the process.

Report this User

Report this user for behavior that violates our Community Guidelines.

Details: